[Event "FIDE Open World Blitz 2021"]
[Site "Warsaw"]
[Date "2021.12.29"]
[Round "7.45"]
[White "Holm, Kristian Stuvik"]
[Black "Paravyan, David"]
[Result "1/2-1/2"]
[WhiteElo "2471"]
[BlackElo "2642"]
[Annotator "ChessBase"]
[PlyCount "81"]
[EventDate "2021.12.29"]
[EventType "swiss"]
[EventCountry "POL"]
[Tiebreak "Cut1 Buchholz"]
[SourceTitle "playchess.com"]
[Source "ChessBase"]
[SourceQuality "1"]

1. d4 Nf6 2. c4 g6 3. Nc3 d5 4. cxd5 Nxd5 5. e4 Nxc3 6. bxc3 Bg7 7. Nf3 c5 8.
Bb5+ Nc6 9. O-O O-O 10. Bxc6 bxc6 11. Qc2 Qa5 12. a4 Bg4 13. Ne5 Bxe5 14. dxe5
Rfd8 15. h3 Be6 16. Be3 Rd7 17. Rfd1 Rxd1+ 18. Rxd1 Rb8 19. Rb1 Rd8 20. Rb7 Rd7
21. Rb8+ Rd8 22. Rxd8+ Qxd8 23. Bxc5 Qc7 24. Qd2 Kg7 25. Qd4 a6 26. f4 Qb7 27.
Kh2 h5 28. a5 Qc7 29. Bb4 Kf8 30. Qc5 Ke8 31. Kg3 Bb3 32. Kh4 Bc2 33. Qd4 Qd7
34. Qe3 Qd3 35. Qb6 g5+ 36. Kxh5 gxf4 37. Qb8+ Qd8 38. Qxd8+ Kxd8 39. Kg4 Bxe4
40. Kxf4 Bxg2 41. h4 1/2-1/2

[Event "FIDE Open World Blitz 2021"]
[Site "Warsaw"]
[Date "2021.12.29"]
[Round "7.46"]
[White "Tari, Aryan"]
[Black "Costachi, Mihnea"]
[Result "0-1"]
[WhiteElo "2649"]
[BlackElo "2463"]
[Annotator "ChessBase"]
[PlyCount "90"]
[EventDate "2021.12.29"]
[EventType "swiss"]
[EventCountry "POL"]
[Tiebreak "Cut1 Buchholz"]
[SourceTitle "playchess.com"]
[Source "ChessBase"]
[SourceQuality "1"]

1. e4 e5 2. Nf3 Nc6 3. Bb5 a6 4. Ba4 d6 5. O-O Bd7 6. c3 g6 7. d4 Bg7 8. Re1
Nf6 9. h3 O-O 10. Bc2 Re8 11. Nbd2 b5 12. a3 h6 13. Nf1 Na5 14. Ng3 c5 15. d5
Nc4 16. b3 Nb6 17. Be3 a5 18. Nd2 Rf8 19. a4 Nh7 20. axb5 Bxb5 21. Qb1 Bd7 22.
Bd3 Qc7 23. Rc1 Rfb8 24. Ra3 h5 25. Qa1 h4 26. Ne2 f5 27. f3 Nc8 28. b4 a4 29.
bxc5 dxc5 30. Nc4 Bf8 31. Bf2 Be7 32. Bc2 Nb6 33. Nxb6 Rxb6 34. c4 Rab8 35.
Bxa4 Rb2 36. Bxd7 Qxd7 37. Ra7 Qd8 38. Nc3 Bg5 39. Qa6 R8b6 40. Qa1 Bxc1 41.
Qxc1 Qb8 42. Ra1 R6b3 43. Nb5 fxe4 44. fxe4 Qf8 45. Bxh4 Rxg2+ 0-1

[Event "FIDE Open World Blitz 2021"]
[Site "Warsaw"]
[Date "2021.12.29"]
[Round "7.47"]
[White "Pichot, Alan"]
[Black "Bologan, Victor"]
[Result "1-0"]
[WhiteElo "2630"]
[BlackElo "2574"]
[Annotator "ChessBase"]
[PlyCount "47"]
[EventDate "2021.12.29"]
[EventType "swiss"]
[EventCountry "POL"]
[Tiebreak "Cut1 Buchholz"]
[SourceTitle "playchess.com"]
[Source "ChessBase"]
[SourceQuality "1"]

1. e4 e5 2. Nf3 Nc6 3. Bb5 a6 4. Ba4 Nf6 5. O-O Nxe4 6. d4 b5 7. Bb3 d5 8. dxe5
Be6 9. c3 Bc5 10. Nbd2 O-O 11. Bc2 Bf5 12. Nb3 Bb6 13. Nbd4 Nxd4 14. Nxd4 Bd7
15. Qh5 g6 16. Qh6 f6 17. e6 Bxd4 18. exd7 Bb6 19. Be3 Qxd7 20. Bxb6 cxb6 21.
Rad1 Qc6 22. Bb3 Rad8 23. Rfe1 Kh8 24. Bxd5 1-0

[Event "FIDE Open World Blitz 2021"]
[Site "Warsaw"]
[Date "2021.12.29"]
[Round "7.48"]
[White "Sjugirov, Sanan"]
[Black "Dziuba, Marcin"]
[Result "1-0"]
[WhiteElo "2589"]
[BlackElo "2568"]
[Annotator "ChessBase"]
[PlyCount "49"]
[EventDate "2021.12.29"]
[EventType "swiss"]
[EventCountry "POL"]
[Tiebreak "Cut1 Buchholz"]
[SourceTitle "playchess.com"]
[Source "ChessBase"]
[SourceQuality "1"]

1. e4 c5 2. Nf3 d6 3. d4 cxd4 4. Nxd4 Nf6 5. Nc3 Nc6 6. Bg5 e6 7. Qd2 a6 8.
O-O-O h6 9. Nxc6 bxc6 10. Bf4 d5 11. Qe3 Be7 12. Be2 Bb7 13. Qg3 Rg8 14. Rhe1
Qb6 15. Bc7 Qc5 16. Bd3 d4 17. Na4 Qg5+ 18. Qxg5 hxg5 19. Nb6 Nd7 20. Nxa8 Bxa8
21. Bxa6 e5 22. c3 c5 23. Bb5 Rh8 24. Bxe5 f6 25. Bg3 1-0

[Event "FIDE Open World Blitz 2021"]
[Site "Warsaw"]
[Date "2021.12.29"]
[Round "7.49"]
[White "Blohberger, Felix"]
[Black "Mastrovasilis, Dimitrios"]
[Result "1-0"]
[WhiteElo "2490"]
[BlackElo "2577"]
[Annotator "ChessBase"]
[PlyCount "89"]
[EventDate "2021.12.29"]
[EventType "swiss"]
[EventCountry "POL"]
[Tiebreak "Cut1 Buchholz"]
[SourceTitle "playchess.com"]
[Source "ChessBase"]
[SourceQuality "1"]

1. d4 d5 2. Nf3 Nf6 3. Bf4 c5 4. e3 Nc6 5. Nbd2 Bg4 6. c3 e6 7. Qa4 Bxf3 8.
Nxf3 Bd6 9. Ba6 Qb6 10. Bxd6 Qxa6 11. Qxa6 bxa6 12. Bxc5 Ne4 13. Ba3 Kd7 14.
Nd2 Nxd2 15. Kxd2 Rab8 16. Rhc1 Rhc8 17. Rc2 a5 18. Rac1 e5 19. c4 exd4 20.
cxd5 dxe3+ 21. fxe3 Ne5 22. Rxc8 Rxc8 23. Rxc8 Kxc8 24. h3 Kd7 25. Bc5 Ng6 26.
Bxa7 Nh4 27. g3 Nf3+ 28. Kd3 f5 29. a4 g5 30. Bb6 Ng1 31. h4 gxh4 32. gxh4 h5
33. e4 Nf3 34. exf5 Nxh4 35. Ke4 Ng2 36. f6 h4 37. Kf3 h3 38. Kg3 Nf4 39. Bxa5
Nxd5 40. Bc3 Nf4 41. a5 Ke6 42. a6 Nd5 43. Kxh3 Nc7 44. a7 Na8 45. Kg4 1-0

[Event "FIDE Open World Blitz 2021"]
[Site "Warsaw"]
[Date "2021.12.29"]
[Round "7.50"]
[White "Gagunashvili, Merab"]
[Black "Zilka, Stepan"]
[Result "1-0"]
[WhiteElo "2575"]
[BlackElo "2593"]
[Annotator "ChessBase"]
[PlyCount "109"]
[EventDate "2021.12.29"]
[EventType "swiss"]
[EventCountry "POL"]
[Tiebreak "Cut1 Buchholz"]
[SourceTitle "playchess.com"]
[Source "ChessBase"]
[SourceQuality "1"]

1. d4 Nf6 2. c4 e6 3. Nf3 d5 4. Nc3 Be7 5. Bf4 O-O 6. e3 c5 7. dxc5 Bxc5 8.
cxd5 Nxd5 9. Nxd5 exd5 10. a3 Nc6 11. Bd3 h6 12. O-O Bd6 13. Qa4 Bxf4 14. Qxf4
Be6 15. Rfd1 Qb8 16. Qxb8 Raxb8 17. Bb5 a6 18. Ba4 b5 19. Bb3 Rfd8 20. Nd4 Nxd4
21. Rxd4 Rbc8 22. Rad1 Re8 23. Bxd5 Bxd5 24. Rxd5 Rc2 25. R5d2 Rec8 26. Kf1 Kf8
27. Ke2 Ke7 28. Rxc2 Rxc2+ 29. Rd2 Rc1 30. Kf3 b4 31. Rd4 bxa3 32. bxa3 Rc5 33.
a4 g5 34. Rb4 Ra5 35. g4 Kf6 36. Ke4 Kg6 37. Kd4 h5 38. h3 hxg4 39. hxg4 f5 40.
Rb6+ Kf7 41. gxf5 Rxf5 42. Rb2 g4 43. Ke4 Kg6 44. Kd4 Kg5 45. e4 Rf3 46. e5 Kf5
47. Rb6 Rf4+ 48. Kd5 Rxa4 49. Rf6+ Kg5 50. Rf8 Rb4 51. e6 Rb5+ 52. Kd6 Rb6+ 53.
Kd7 Rb7+ 54. Kc6 Ra7 55. Kd6 1-0

[Event "FIDE Open World Blitz 2021"]
[Site "Warsaw"]
[Date "2021.12.29"]
[Round "7.51"]
[White "Najer, Evgeniy"]
[Black "Peng, Li Min"]
[Result "0-1"]
[WhiteElo "2654"]
[BlackElo "2412"]
[Annotator "ChessBase"]
[PlyCount "50"]
[EventDate "2021.12.29"]
[EventType "swiss"]
[EventCountry "POL"]
[Tiebreak "Cut1 Buchholz"]
[SourceTitle "playchess.com"]
[Source "ChessBase"]
[SourceQuality "1"]

1. e4 Nc6 2. Nf3 d5 3. exd5 Qxd5 4. Nc3 Qh5 5. Be2 Bg4 6. h3 O-O-O 7. O-O Nf6
8. d3 e5 9. Be3 Bd6 10. hxg4 Nxg4 11. Ne4 Nd4 12. Bxd4 exd4 13. g3 f5 14. Nh4
g5 15. Bxg4 fxg4 16. Nf5 Rhf8 17. Ng7 Qh3 18. Ne6 Rde8 19. N6xg5 Qh5 20. Kg2
Rxe4 21. Nxe4 Qh3+ 22. Kg1 Rf5 23. f4 Rh5 24. Kf2 Bxf4 25. Rh1 Be3+ 0-1

[Event "FIDE Open World Blitz 2021"]
[Site "Warsaw"]
[Date "2021.12.29"]
[Round "7.52"]
[White "Mitrabha, Guha"]
[Black "Chigaev, Maksim"]
[Result "1-0"]
[WhiteElo "2370"]
[BlackElo "2626"]
[Annotator "ChessBase"]
[PlyCount "59"]
[EventDate "2021.12.29"]
[EventType "swiss"]
[EventCountry "POL"]
[Tiebreak "Cut1 Buchholz"]
[SourceTitle "playchess.com"]
[Source "ChessBase"]
[SourceQuality "1"]

1. d4 Nf6 2. c4 g6 3. g3 c5 4. Nf3 Bg7 5. Bg2 O-O 6. O-O d6 7. Nc3 Nc6 8. d5
Na5 9. Nd2 a6 10. Qc2 b5 11. b3 b4 12. Nd1 Bf5 13. e4 Nxe4 14. Nxe4 Bxa1 15.
Nb2 Bxe4 16. Bxe4 Bxb2 17. Bxb2 Nb7 18. h4 Qd7 19. Kg2 Rae8 20. h5 e5 21. dxe6
Rxe6 22. hxg6 fxg6 23. Bd5 Rf5 24. Ba1 Rxd5 25. cxd5 Re8 26. Qb2 Re5 27. f4
Rxd5 28. Qh8+ Kf7 29. Qxh7+ Ke8 30. Qg8+ 1-0

[Event "FIDE Open World Blitz 2021"]
[Site "Warsaw"]
[Date "2021.12.29"]
[Round "8.1"]
[White "Carlsen, Magnus"]
[Black "Gelfand, Boris"]
[Result "1-0"]
[WhiteElo "2855"]
[BlackElo "2674"]
[Annotator "TA"]
[PlyCount "75"]
[EventDate "2021.12.29"]
[EventType "swiss"]
[EventCountry "POL"]
[Tiebreak "Cut1 Buchholz"]
[SourceTitle "playchess.com"]
[Source "ChessBase"]
[SourceQuality "1"]

1. e4 c5 2. Nc3 Nc6 3. Nf3 g6 4. Bb5 Bg7 5. d3 d6 6. e5 dxe5 7. Bxc6+ bxc6 8.
O-O c4 9. Re1 Qc7 10. h3 Be6 11. Qe2 cxd3 12. cxd3 Nf6 13. Nxe5 Nd5 14. d4 Nxc3
15. bxc3 Bxe5 16. Qxe5 Qxe5 17. Rxe5 O-O-O 18. Ra5 Rd7 19. Ba3 Kb8 20. Bc5 Ka8
21. Ra6 Rc8 22. Rb1 Rb8 23. Re1 Bd5 24. Ra4 Re8 25. Re3 Be6 26. c4 Rb8 27. Kh2
Rbb7 28. Kg3 Bf5 29. Ra6 Rdc7 30. Kf4 f6 31. g4 Bc8 32. Ra5 Rb2 33. Kg3 Rbb7
34. f4 Rd7 35. g5 Rdc7 36. gxf6 exf6 37. Re8 Rb8 38. Bd6 1-0

[Event "FIDE Open World Blitz 2021"]
[Site "Warsaw"]
[Date "2021.12.29"]
[Round "8.1"]
[White "Ghaem Maghami, Ehsan"]
[Black "Faizrakhmanov, Ramil"]
[Result "1-0"]
[WhiteElo "2520"]
[BlackElo "2396"]
[Annotator "ChessBase"]
[PlyCount "53"]
[EventDate "2021.12.29"]
[EventType "swiss"]
[EventCountry "POL"]
[Tiebreak "Cut1 Buchholz"]
[SourceTitle "playchess.com"]
[Source "ChessBase"]
[SourceQuality "1"]

1. c4 Nf6 2. Nc3 e5 3. Nf3 Nc6 4. e4 Bb4 5. d3 a5 6. Be2 d6 7. h3 h6 8. Be3 O-O
9. O-O Bc5 10. Qd2 Nd4 11. Bxd4 Bxd4 12. Nxd4 exd4 13. Nb5 c5 14. Qf4 Ne8 15.
Rfe1 f5 16. e5 g5 17. Qh2 f4 18. Bf3 Ra6 19. e6 Qe7 20. h4 Kg7 21. Qh3 Rf6 22.
Bd5 Rg6 23. Qf3 gxh4 24. Qxf4 Nf6 25. Bf3 Bxe6 26. Bd5 Nh5 27. Qe4 1-0

[Event "FIDE Open World Blitz 2021"]
[Site "Warsaw"]
[Date "2021.12.29"]
[Round "8.2"]
[White "Kravtsiv, Martyn"]
[Black "Fedoseev, Vladimir"]
[Result "0-1"]
[WhiteElo "2616"]
[BlackElo "2704"]
[Annotator "ChessBase"]
[PlyCount "98"]
[EventDate "2021.12.29"]
[EventType "swiss"]
[EventCountry "POL"]
[Tiebreak "Cut1 Buchholz"]
[SourceTitle "playchess.com"]
[Source "ChessBase"]
[SourceQuality "1"]

1. e4 c6 2. Nf3 d5 3. d3 Qc7 4. g3 dxe4 5. dxe4 e5 6. Bg2 Nf6 7. O-O Bc5 8. Qe2
O-O 9. Nbd2 a5 10. b3 b6 11. Bb2 Ba6 12. Nc4 Nbd7 13. a4 Rfe8 14. Ne1 b5 15.
axb5 cxb5 16. Nd2 b4 17. Nd3 Bb6 18. Rac1 Nc5 19. Rfd1 Rad8 20. Qf3 Bxd3 21.
cxd3 Qb8 22. Bf1 Ne6 23. Nc4 Bd4 24. Qe2 Qc7 25. Ra1 Ra8 26. Rdc1 Qd8 27. Bxd4
Nxd4 28. Qb2 Nd7 29. Ne3 Nb6 30. Bh3 g6 31. Kg2 Qd6 32. Bg4 h5 33. Bd1 Nb5 34.
Nc4 Nxc4 35. dxc4 Nc3 36. Bf3 Red8 37. Qc2 Qc5 38. Re1 Rd4 39. Re3 Rad8 40.
Rae1 Rd2 41. Qc1 Ra2 42. Kg1 Rdd2 43. Rf1 Qd4 44. h4 Kg7 45. Qe1 Rab2 46. Qa1
Ra2 47. Qe1 Rdb2 48. Bg2 Rxb3 49. f4 Ne2+ 0-1

[Event "FIDE Open World Blitz 2021"]
[Site "Warsaw"]
[Date "2021.12.29"]
[Round "8.2"]
[White "Heimann, Andreas"]
[Black "Piorun, Kacper"]
[Result "1/2-1/2"]
[WhiteElo "2584"]
[BlackElo "2634"]
[Annotator "ChessBase"]
[PlyCount "142"]
[EventDate "2021.12.29"]
[EventType "swiss"]
[EventCountry "POL"]
[Tiebreak "Cut1 Buchholz"]
[SourceTitle "playchess.com"]
[Source "ChessBase"]
[SourceQuality "1"]

1. e4 e6 2. d4 d5 3. Nc3 Bb4 4. e5 Qd7 5. Qg4 f5 6. Qg3 b6 7. Nh3 Ba6 8. Bxa6
Nxa6 9. Nf4 O-O-O 10. h4 g6 11. a3 Bxc3+ 12. Qxc3 Ne7 13. b4 c6 14. a4 Nc7 15.
b5 Kb7 16. Ba3 cxb5 17. a5 Nc6 18. axb6 axb6 19. Bd6 Ra8 20. O-O b4 21. Qd3 Ra5
22. Rab1 Ra3 23. Qd2 Na6 24. Rfc1 Rc8 25. c4 bxc3 26. Qc2 Nxd4 27. Qd3 Ra4 28.
Rxc3 Rxc3 29. Qxc3 Qc6 30. Qb2 Nf3+ 31. gxf3 Rxf4 32. Kg2 Rc4 33. Qd2 f4 34.
Qd3 Nc5 35. Qa3 Kc8 36. Qa7 Qb7 37. Qxb6 Qxb6 38. Rxb6 Nb7 39. Bf8 Nd8 40. Be7
d4 41. Bxd8 Kxd8 42. Rxe6 Kd7 43. Rd6+ Ke7 44. Kh3 Rc5 45. Rxd4 Rxe5 46. Kg4
Kf7 47. Rxf4+ Kg7 48. Re4 h5+ 49. Kg3 Ra5 50. f4 Ra3+ 51. f3 Kf6 52. Re5 Ra1
53. Rg5 Rg1+ 54. Kh3 Rf1 55. Kg2 Ra1 56. Kf2 Ra2+ 57. Kg3 Ra4 58. f5 gxf5 59.
Rxh5 Kg6 60. Rg5+ Kf6 61. Rg8 Kf7 62. Rb8 Kg6 63. Rb6+ Kg7 64. h5 Rc4 65. Rg6+
Kf7 66. f4 Rd4 67. Rg5 Kf6 68. h6 Rd7 69. Kh4 Rd1 70. Kg3 Rh1 71. Rg8 Rxh6
1/2-1/2

[Event "FIDE Open World Blitz 2021"]
[Site "Warsaw"]
[Date "2021.12.29"]
[Round "8.3"]
[White "Anton Guijarro, David"]
[Black "Vakhidov, Jakhongir"]
[Result "0-1"]
[WhiteElo "2669"]
[BlackElo "2557"]
[Annotator "ChessBase"]
[PlyCount "92"]
[EventDate "2021.12.29"]
[EventType "swiss"]
[EventCountry "POL"]
[Tiebreak "Cut1 Buchholz"]
[SourceTitle "playchess.com"]
[Source "ChessBase"]
[SourceQuality "1"]

1. Nf3 c5 2. c4 g6 3. Nc3 Bg7 4. e3 Nf6 5. d4 cxd4 6. exd4 d5 7. Qb3 dxc4 8.
Bxc4 O-O 9. O-O Nc6 10. Ne5 e6 11. Nxc6 bxc6 12. Rd1 Nd5 13. Ne4 Qc7 14. Qg3
Qxg3 15. hxg3 a5 16. g4 h6 17. g5 hxg5 18. Bxg5 f6 19. Bh4 g5 20. Bg3 Rd8 21.
Rac1 g4 22. Nc5 Kf7 23. Be2 f5 24. Be5 Bh6 25. g3 Bxc1 26. Rxc1 Ne7 27. Kg2 Ng6
28. Rh1 Nxe5 29. dxe5 Rd5 30. Nd3 Ba6 31. Nf4 Bxe2 32. Nxe2 Rxe5 33. Nf4 Kg7
34. Rd1 Ra7 35. Rd6 Kf7 36. Rxc6 a4 37. Nd3 Rb5 38. Rc8 Rd7 39. Nc5 Ra7 40. Rc6
e5 41. b3 axb3 42. axb3 e4 43. Rh6 Ra2 44. Ne6 Rxb3 45. Ng5+ Kg7 46. Rh1 e3 0-1

[Event "FIDE Open World Blitz 2021"]
[Site "Warsaw"]
[Date "2021.12.29"]
[Round "8.3"]
[White "Sindarov, Javokhir"]
[Black "Mamedyarov, Shakhriyar"]
[Result "1-0"]
[WhiteElo "2587"]
[BlackElo "2765"]
[Annotator "ChessBase"]
[PlyCount "63"]
[EventDate "2021.12.29"]
[EventType "swiss"]
[EventCountry "POL"]
[Tiebreak "Cut1 Buchholz"]
[SourceTitle "playchess.com"]
[Source "ChessBase"]
[SourceQuality "1"]

1. e4 e5 2. Nf3 Nc6 3. Bc4 Bc5 4. b4 Bb6 5. a4 a6 6. Nc3 Nf6 7. O-O d6 8. Nd5
Nxd5 9. exd5 Nd4 10. Nxd4 Bxd4 11. c3 Ba7 12. d4 O-O 13. dxe5 dxe5 14. Qe2 Qh4
15. Be3 Bg4 16. Qa2 a5 17. Bxa7 Rxa7 18. f4 axb4 19. fxe5 bxc3 20. e6 Bh5 21.
Rae1 b5 22. Bxb5 c6 23. dxc6 fxe6 24. Qxe6+ Bf7 25. Qe3 Rc7 26. Qxc3 Rfc8 27.
Rd1 Be8 28. Qb3+ Bf7 29. Rxf7 Rxf7 30. Bc4 Rcf8 31. Bxf7+ Rxf7 32. c7 1-0

[Event "FIDE Open World Blitz 2021"]
[Site "Warsaw"]
[Date "2021.12.29"]
[Round "8.4"]
[White "Duda, Jan-Krzysztof"]
[Black "Ivic, Velimir"]
[Result "1-0"]
[WhiteElo "2756"]
[BlackElo "2575"]
[Annotator "ChessBase"]
[PlyCount "70"]
[EventDate "2021.12.29"]
[EventType "swiss"]
[EventCountry "POL"]
[Tiebreak "Cut1 Buchholz"]
[SourceTitle "playchess.com"]
[Source "ChessBase"]
[SourceQuality "1"]

1. e4 c5 2. Nf3 Nc6 3. Bb5 g6 4. O-O Bg7 5. c3 Nf6 6. Re1 O-O 7. h3 e5 8. d3 d6
9. a4 Qc7 10. Bc4 h6 11. Na3 Kh7 12. Rb1 Be6 13. Bxe6 fxe6 14. b4 cxb4 15. cxb4
a5 16. bxa5 Qxa5 17. Rxb7 Qa6 18. Rc7 Ne8 19. Rd7 Qc8 20. Rxg7+ Nxg7 21. Nc4
Qc7 22. Qd2 g5 23. Qd1 Na5 24. Ne3 Rab8 25. Ba3 Rb3 26. Nc4 Rd8 27. Nxa5 Rxa3
28. Nc4 Rc3 29. Qd2 Rb3 30. a5 Rdb8 31. Nb6 Ra3 32. Rc1 Qf7 33. Nc4 Ra4 34.
Nxd6 Qd7 35. Nc4 Rxc4 1-0

[Event "FIDE Open World Blitz 2021"]
[Site "Warsaw"]
[Date "2021.12.29"]
[Round "8.4"]
[White "Fridman, Daniel"]
[Black "Schneider, Ilja"]
[Result "1-0"]
[WhiteElo "2626"]
[BlackElo "2486"]
[Annotator "ChessBase"]
[PlyCount "77"]
[EventDate "2021.12.29"]
[EventType "swiss"]
[EventCountry "POL"]
[Tiebreak "Cut1 Buchholz"]
[SourceTitle "playchess.com"]
[Source "ChessBase"]
[SourceQuality "1"]

1. d4 d5 2. Nf3 Nf6 3. c4 c6 4. Qb3 dxc4 5. Qxc4 Bg4 6. Nbd2 Nbd7 7. g3 e6 8.
Bg2 Be7 9. O-O a5 10. Qb3 Nb6 11. a4 O-O 12. e3 Bb4 13. Ne5 Bh5 14. Nd3 Be2 15.
Re1 Bxd3 16. Qxd3 e5 17. Rd1 exd4 18. exd4 Re8 19. Nf3 Nbd5 20. Ne5 Qd6 21. Qc2
Rad8 22. Nc4 Qc7 23. h3 h6 24. Bd2 Bxd2 25. Qxd2 Nb4 26. b3 c5 27. Qf4 Qxf4 28.
gxf4 Nc2 29. Rab1 Nxd4 30. Bxb7 Rb8 31. Nxa5 Ne2+ 32. Kf1 Nc3 33. Rbc1 Nxd1 34.
Rxd1 Re7 35. Bf3 Rc7 36. Rd3 Rd7 37. Rc3 Rd4 38. Nc6 Rbd8 39. Nxd8 1-0

[Event "FIDE Open World Blitz 2021"]
[Site "Warsaw"]
[Date "2021.12.29"]
[Round "8.5"]
[White "Aronian, Levon"]
[Black "Grischuk, Alexander"]
[Result "1-0"]
[WhiteElo "2782"]
[BlackElo "2773"]
[Annotator "TA"]
[PlyCount "123"]
[EventDate "2021.12.29"]
[EventType "swiss"]
[EventCountry "POL"]
[Tiebreak "Cut1 Buchholz"]
[SourceTitle "playchess.com"]
[Source "ChessBase"]
[SourceQuality "1"]

1. e4 e6 2. d4 d5 3. Nc3 Nf6 4. Bg5 dxe4 5. Nxe4 Be7 6. Nxf6+ Bxf6 7. Bxf6 Qxf6
8. Nf3 c5 9. Bb5+ Bd7 10. Qe2 O-O 11. Bxd7 Nxd7 12. O-O-O cxd4 13. Rxd4 Nc5 14.
Qe5 Qe7 15. Rhd1 Rac8 16. Kb1 f6 17. Qe3 b6 18. R4d2 Rfd8 19. Nd4 Qe8 20. Nb3
Rxd2 21. Rxd2 Nxb3 22. axb3 e5 23. Qd3 h6 24. Qd7 e4 25. Qb7 Rd8 26. Rxd8 Qxd8
27. Qxe4 a5 28. Kc1 Kh8 29. g3 Qd6 30. h4 Qc5 31. Qe8+ Kh7 32. Qe3 Qc6 33. Kd2
Kh8 34. c4 Qd6+ 35. Kc2 Qc6 36. Kc3 Qd6 37. Qe8+ Kh7 38. Qe4+ Kh8 39. Qd4 Qc6
40. Qd8+ Kh7 41. Qd5 Qc7 42. b4 axb4+ 43. Kxb4 Qa7 44. Kb5 Qa2 45. Qf5+ Kh8 46.
b4 Qb2 47. Qc8+ Kh7 48. Qf5+ Kh8 49. Qf4 Kh7 50. Qe4+ Kh8 51. Qe3 Qc2 52. Qxb6
Qf5+ 53. Qc5 Qd7+ 54. Ka5 Qd8+ 55. Qb6 Qa8+ 56. Kb5 Qe8+ 57. Qc6 Qb8+ 58. Kc5
Qa7+ 59. Qb6 Qe7+ 60. Qd6 Qa7+ 61. Kb5 Qxf2 62. c5 1-0

[Event "FIDE Open World Blitz 2021"]
[Site "Warsaw"]
[Date "2021.12.29"]
[Round "8.5"]
[White "Postny, Evgeny"]
[Black "Tari, Aryan"]
[Result "0-1"]
[WhiteElo "2557"]
[BlackElo "2649"]
[Annotator "ChessBase"]
[PlyCount "128"]
[EventDate "2021.12.29"]
[EventType "swiss"]
[EventCountry "POL"]
[Tiebreak "Cut1 Buchholz"]
[SourceTitle "playchess.com"]
[Source "ChessBase"]
[SourceQuality "1"]

1. d4 d5 2. c4 e6 3. Nf3 Nf6 4. g3 Bd6 5. Bg2 O-O 6. O-O h6 7. Qc2 b6 8. b3 Bb7
9. Ba3 Re8 10. Bxd6 cxd6 11. cxd5 Nxd5 12. Nc3 Nxc3 13. Qxc3 Nd7 14. Rfc1 Rc8
15. Qd3 Nf6 16. Nd2 Bxg2 17. Kxg2 Qd7 18. e4 Qb7 19. f3 b5 20. Nf1 a6 21. Ne3
Qb6 22. Qd2 Nd7 23. Rc3 Qa5 24. Rac1 Nb6 25. Nf1 Rxc3 26. Rxc3 b4 27. Rc6 Qb5
28. Qc2 d5 29. Rc5 Qd7 30. Rc7 Rc8 31. Rxc8+ Qxc8 32. Qc5 dxe4 33. Qxc8+ Nxc8
34. fxe4 Nd6 35. Kf3 Nb5 36. Ke3 Nc3 37. Kd3 Nxa2 38. Kc4 Kf8 39. Ne3 Ke7 40.
e5 f6 41. Nc2 a5 42. Kb5 fxe5 43. dxe5 Nc1 44. Kxa5 Nxb3+ 45. Kxb4 Nd2 46. Nd4
g5 47. Kc3 Nf1 48. Nf3 g4 49. Nh4 Nxh2 50. Ng6+ Kf7 51. Nf4 Nf3 52. Nd3 Kg6 53.
Kc4 Kf5 54. Kc5 Nxe5 55. Nf4 Nf3 56. Kd6 e5 57. Nd5 h5 58. Ne3+ Ke4 59. Ng2 Kd3
60. Kd5 Ke2 61. Ke4 Kf2 62. Ne3 Kxg3 63. Nf5+ Kf2 64. Nh6 g3 0-1

[Event "FIDE Open World Blitz 2021"]
[Site "Warsaw"]
[Date "2021.12.29"]
[Round "8.6"]
[White "Dubov, Daniil"]
[Black "Puranik, Abhimanyu"]
[Result "1-0"]
[WhiteElo "2714"]
[BlackElo "2604"]
[Annotator "ChessBase"]
[PlyCount "177"]
[EventDate "2021.12.29"]
[EventType "swiss"]
[EventCountry "POL"]
[Tiebreak "Cut1 Buchholz"]
[SourceTitle "playchess.com"]
[Source "ChessBase"]
[SourceQuality "1"]

1. d4 Nf6 2. Nf3 g6 3. c4 Bg7 4. Nc3 d5 5. cxd5 Nxd5 6. e4 Nxc3 7. bxc3 c5 8.
Bb5+ Nc6 9. O-O O-O 10. Bxc6 bxc6 11. Qc2 Qa5 12. Be3 Be6 13. dxc5 Qxc3 14.
Qxc3 Bxc3 15. Rac1 Bg7 16. Bd4 Rfd8 17. Bxg7 Kxg7 18. a3 f6 19. e5 Rd3 20.
exf6+ exf6 21. Rfe1 Kf7 22. Rb1 Rad8 23. h4 Rxa3 24. Rb4 Rd7 25. Rf4 Bf5 26. g4
Rxf3 27. Rxf3 Bxg4 28. Ra3 Bd1 29. Ra6 Bf3 30. Rea1 Rd4 31. R6a4 Rd5 32. Rf4
Rd3 33. Re1 Bd5 34. Ra4 Rh3 35. Rxa7+ Kf8 36. f4 Rxh4 37. Ree7 Rg4+ 38. Kh2
Rg2+ 39. Kh3 Rg1 40. Rxh7 Rh1+ 41. Kg3 Rxh7 42. Rxh7 Bf7 43. Rh2 Ke7 44. Re2+
Be6 45. Kf3 Kf7 46. Ke3 g5 47. fxg5 fxg5 48. Kd4 Bd5 49. Ke5 Bf3 50. Rd2 g4 51.
Rd6 Ke7 52. Rg6 Kf7 53. Rg5 Kf8 54. Ke6 Be2 55. Rf5+ Kg7 56. Rg5+ Kf8 57. Kf6
Bf3 58. Rg7 Ke8 59. Ke6 Bd5+ 60. Kd6 Bf3 61. Ke5 Kd8 62. Ke6 Kc8 63. Kd6 Kb8
64. Rf7 Kc8 65. Rc7+ Kb8 66. Rg7 Kc8 67. Ke5 Kd8 68. Kf5 Ke8 69. Ke5 Kd8 70.
Rg5 Kc8 71. Kf4 Kb7 72. Ke3 Ka6 73. Kd4 Kb7 74. Rf5 Bd5 75. Rg5 Bf3 76. Kc3 Kc8
77. Rg7 Kd8 78. Kd4 Kc8 79. Ke3 Kb8 80. Kf2 Kc8 81. Kg3 Kb8 82. Kh4 Kc8 83. Kg5
Kb8 84. Kf6 Kc8 85. Kf5 Kb8 86. Rxg4 Bxg4+ 87. Kxg4 Kb7 88. Kf5 Ka6 89. Ke4 1-0

[Event "FIDE Open World Blitz 2021"]
[Site "Warsaw"]
[Date "2021.12.29"]
[Round "8.6"]
[White "Howell, David W L"]
[Black "Kantor, Gergely"]
[Result "1-0"]
[WhiteElo "2648"]
[BlackElo "2566"]
[Annotator "ChessBase"]
[PlyCount "64"]
[EventDate "2021.12.29"]
[EventType "swiss"]
[EventCountry "POL"]
[Tiebreak "Cut1 Buchholz"]
[SourceTitle "playchess.com"]
[Source "ChessBase"]
[SourceQuality "1"]

1. Nf3 d5 2. g3 g6 3. Bg2 Bg7 4. d4 Nf6 5. c4 c6 6. cxd5 cxd5 7. Ne5 O-O 8. Nc3
Bf5 9. O-O Ne4 10. Bf4 Nxc3 11. bxc3 Nc6 12. Qb3 Nxe5 13. Bxe5 Bxe5 14. dxe5 e6
15. Qxb7 Qb6 16. Qxb6 axb6 17. c4 dxc4 18. Bxa8 Rxa8 19. f3 b5 20. Rfc1 g5 21.
g4 Bg6 22. e4 Ra3 23. Kf2 h5 24. h3 h4 25. Rc2 Rd3 26. Rb1 Kg7 27. Rxb5 Rd1 28.
Rc5 Rh1 29. Kg2 Ra1 30. R5xc4 f6 31. Rc7+ Bf7 32. Rb2 fxe5 1-0

[Event "FIDE Open World Blitz 2021"]
[Site "Warsaw"]
[Date "2021.12.29"]
[Round "8.7"]
[White "Martirosyan, Haik M."]
[Black "Erigaisi Arjun"]
[Result "0-1"]
[WhiteElo "2624"]
[BlackElo "2627"]
[Annotator "ChessBase"]
[PlyCount "116"]
[EventDate "2021.12.29"]
[EventType "swiss"]
[EventCountry "POL"]
[Tiebreak "Cut1 Buchholz"]
[SourceTitle "playchess.com"]
[Source "ChessBase"]
[SourceQuality "1"]

1. d4 e6 2. c4 d5 3. Nf3 Nf6 4. Nc3 Bb4 5. Bg5 h6 6. Bxf6 Qxf6 7. Qa4+ Nc6 8.
e3 O-O 9. Be2 dxc4 10. Qb5 e5 11. Nxe5 Bxc3+ 12. bxc3 Nxe5 13. dxe5 Qg5 14. O-O
c6 15. Qc5 Bh3 16. Bf3 Rfe8 17. Qxc4 Rxe5 18. Rfb1 Be6 19. Qe2 Qe7 20. a4 Rd8
21. a5 Qc7 22. a6 b5 23. Rd1 Bc4 24. Qb2 Ree8 25. Qa3 c5 26. h3 g6 27. Bb7 Qb6
28. h4 h5 29. g3 Kg7 30. Qb2 Rd6 31. Rxd6 Qxd6 32. Bf3 Qf6 33. Kg2 Re6 34. Bb7
Rd6 35. Rc1 b4 36. Qa1 b3 37. Qb2 Qd8 38. Qa3 Qb6 39. Qb2 Qa5 40. Ra1 Qd8 41.
Qa3 Rd2 42. Qxc5 Qf6 43. Bf3 b2 44. Re1 Qxa6 45. Be4 Bd3 46. Qd4+ Kh7 47. Bxd3
Rxd3 48. Qb4 Qc6+ 49. e4 Rd2 50. Qb3 Qf6 51. Rf1 a5 52. c4 a4 53. Qb4 Rc2 54.
e5 Qxe5 55. Qxa4 Qe4+ 56. Kh2 Rc1 57. Qa7 Qf5 58. Qe3 Rxf1 0-1